Theory and Design for Mechanical Measurements (Record no. 3502)
[ view plain ]
| 005 - DATE AND TIME OF LATEST TRANSACTION | |
|---|---|
| control field | 20250609121217.0 |
| 020 ## - INTERNATIONAL STANDARD BOOK NUMBER | |
| International Standard Book Number | 0-471-35083-4 |
| 082 ## - DEWEY DECIMAL CLASSIFICATION NUMBER | |
| Classification number | 658.2 FIG |
| 100 ## - MAIN ENTRY--PERSONAL NAME | |
| Author name | FIGLIOLA, R. S. |
| 245 ## - TITLE STATEMENT | |
| Title | Theory and Design for Mechanical Measurements |
| 250 ## - EDITION STATEMENT | |
| Edition statement | 3rd Ed. |
| 260 ## - PUBLICATION, DISTRIBUTION, ETC. | |
| Place of publication, distribution, etc. | new York |
| Name of publisher, distributor, etc. | John Wiley & Sons, Inc. |
| Date of publication, distribution, etc. | 2000 |
| 300 ## - PHYSICAL DESCRIPTION | |
| Extent | xiv,536p.: figures, tables |
| Other physical details | Glossary & Index |
| Dimensions | 26cm. |
| Accompanying material | CD |
| 700 ## - ADDED ENTRY--PERSONAL NAME | |
| Other authors/Editors | BEASLEY, D. E. |
| 856 ## - ELECTRONIC LOCATION AND ACCESS | |
| Link text | Access Online Book |
| Electronic name | Theory and Design for Mechanical Measuremens |
| Path | http://www.wiley.com/college |
| 942 ## - ADDED ENTRY ELEMENTS (KOHA) | |
| Source of classification or shelving scheme | Dewey Decimal Classification |
| Koha item type | Books |
No items available.
